00695nam a22001937a 4500003000500000005001700005008004100022020002900063040001900092041001200111082001700123100002300140245005200163260004500215300005800260500002000318520013300338700003000471322820251013120336.0251013b sa ||||| |||| 00| 0 eng d a9783848006403qhardcover amplc3228erda aEnglish 0a201.727 HATT a Hattstein, Markus aThe story of world religionscHattstein, Markus aKöln, Germany: bh.f. ullmann, c2013. a120 pages:b colour illustrations, portraits; c31 cm aIncludes index. aRELIGION: GENERAL. The Story of World Religions provides concise and reliable information on key cultural and historical topics. aHattstein, Markuseauthor